Slovenské eurobondy aj v tomto roku

Slovenská republika plánuje zvýšiť emisiu eurobondov na zahraničných trhoch. Dôvody na vydanie eurobondov. Emisiou chce SR podporiť trend približovanie krajiny k Európskej únii. Dlh verejných financií Slovenska dosiahol ku koncu roka 2002 v metodike ESA 95 451,6 miliardy Sk, čo je 44,3 perc. HDP.

Gespeichert in:
Bibliographische Detailangaben
1. Verfasser: Kuruc, Radko
Format: Buchkapitel
Sprache:Slowakisch
Schlagworte:
Tags: Tag hinzufügen
Keine Tags, Fügen Sie das erste Tag hinzu!

MARC

LEADER 00000naa$a2200000$$$4500
001 0001645
005 20230925123531.0
041 0 |a slo 
044 |a SK 
245 1 0 |a Slovenské eurobondy aj v tomto roku  |c aut. Radko Kuruc 
520 |a Slovenská republika plánuje zvýšiť emisiu eurobondov na zahraničných trhoch. Dôvody na vydanie eurobondov. Emisiou chce SR podporiť trend približovanie krajiny k Európskej únii. Dlh verejných financií Slovenska dosiahol ku koncu roka 2002 v metodike ESA 95 451,6 miliardy Sk, čo je 44,3 perc. HDP. 
610 2 0 |a euroobligácie 
610 2 0 |a emisia 
610 2 0 |a Slovensko 
610 2 0 |a trh zahraničný 
610 2 0 |a trh finančný medzinárodný 
610 2 0 |a dlhopisy štátne 
610 2 0 |a dlhy verejné 
610 2 0 |a únie menové 
100 1 |a Kuruc, Radko